| 000 | 00566nam a2200205 a 4500 | ||
|---|---|---|---|
| 001 | BRCA_5890 | ||
| 005 | 20190320205243.0 | ||
| 008 | 170311t1854----be-#######---#000-0#fr--# | ||
| 041 | _afr | ||
| 044 | _abe | ||
| 050 | 4 |
_aPQ2195 A17 _b.C43 _c1854 |
|
| 245 | 1 | 0 | _aChansons de Béranger |
| 260 |
_aBruxelles. _bKiessling, Schnee et Cie. _c1854 |
||
| 300 |
_a766 p. _c13 cm. |
||
| 500 | _aPastas con grabados dorados; edición con cantos dorados; índice de materias. | ||
| 500 | _aH131 | ||
| 650 | 1 | 4 |
_aLiteratura Francesa. _914894 |
| 902 | _aGFM | ||
| 942 |
_2lcc _cB |
||
| 999 |
_c5579 _d5579 |
||